Central Library OPAC University of Rajshahi
Normal view MARC view

Entry Topical Term

Number of records used in: 6

001 - CONTROL NUMBER

  • control field: 2658

003 - CONTROL NUMBER IDENTIFIER

  • control field: BD-RjUL

005 - DATE AND TIME OF LATEST TRANSACTION

  • control field: 20220421152338.0

008 - FIXED-LENGTH DATA ELEMENTS

  • fixed length control field: 220421|| aca||aabn | a|a d

040 ## - CATALOGING SOURCE

  • Original cataloging agency: BD-RjUL
  • Transcribing agency: BD-RjUL

150 ## - HEADING--TOPICAL TERM

  • Topical term or geographic name entry element: Macroeconomics

670 ## - SOURCE DATA FOUND

  • Source citation: Work cat.: (BD-RjUL)79510: Mahmuda, Mst. Hadikatul Jannat Al 1734, Determinants of Demand for And Supply of Money in Bangladesh /, 2011